00000000nam##2200000za#4500
0019.668627
003CaOODSP
00520210615124305
007ta
008150407|2007||||xxc|||||     f|0| 0 eng|d
020 |a978-0-662-69715-2
040 |aCaOODSP|beng
041 |aeng
041 |afre
043 |an-cn---
0861 |aCi51-203/2007
1101 |aCanada. |bCitizenship and Immigration Canada.
24510|aRetaining your Canadian citizenship : |bfor people born after February 14, 1977, outside Canada to a Canadian parent
260 |aOttawa - Ontario : |bCitizenship and Immigration Canada |c2007.
300 |aEnglish text, [6]p. : |bphotographs ; |c22 cm.
563 |aSoftcover
590 |a07-23|b2007-06-08
69007|aCitizenship|2gcpds
7760#|tRetaining your Canadian citizenship : |w(CaOODSP)9.689589
792 |tConserver votre citoyenneté canadien : |efre|w(CaOODSP)9.668628
986 |aC&I-870-03-07